000 00406cam a22001217a 4500
008 180718b2001 xxu||||| |||| 00| 0 eng d
082 _aPROJ.REP. 2001/GUP
245 _aManual on natural disaster management in India
_cedited by M.C. Gupta, et.al.
260 _aNew Delhi
_bIndian Institute of Public Administration
_c2001
300 _a204p.
440 _aIIPA Working Paper, 2001: 1
700 _aGupta, M.C.
999 _c492332
_d492332